Comic Strips Quiz Stats

 Plays Quiz Updated Nov 17, 2016

Score 0/31 Timer 07:00
0 Plays Today
Year Debuted Strip % Correct
1950Peanuts
90.2%
1978Garfield
82.8%
1960The Family Circus
59%
1985Calvin and Hobbes
57.9%
1980The Far Side
55.3%
1989Dilbert
53%
1976Cathy
52.2%
1970Doonesbury
43.7%
1950Beetle Bailey
38.8%
1930Blondie
37.9%
1951Dennis the Menace
32%
1979For Better or For Worse
27.1%
1988FoxTrot
27%
1999The Boondocks
22.2%
1980Bloom County
20%
1931Dick Tracy
18.6%
Year Debuted Strip % Correct
1948Pogo
18.1%
1934Li'l Abner
15.7%
1937Prince Valiant
12.7%
1924Little Orphan Annie
11.2%
1919Thimble Theater
10%
1918Gasoline Alley
8.5%
1913Krazy Kat
7.9%
1895Hogan's Alley
7.5%
1936The Phantom
7.4%
1897The Katzenjammer Kids
7.4%
1976Zippy the Pinhead
4.8%
1934Terry and the Pirates
4.3%
1999Get Fuzzy
4%
1934Flash Gordon
3.8%
1905Little Nemo in Slumberland
3.4%

You're not logged in!

Compare scores with friends on all Sporcle quizzes.
OR
Log In

Show Comments

Extras

Top Quizzes Today


Score Distribution

Your Account Isn't Verified!

In order to create a playlist on Sporcle, you need to verify the email address you used during registration. Go to your Sporcle Settings to finish the process.

Report this User

Report this user for behavior that violates our Community Guidelines.

Details: